| Tag |
First Indicator |
Second Indicator |
Subfields |
| LEADER |
00000cam a2200000 a 4500 |
| 001 |
in00001190803 |
| 005 |
20151002061023.0 |
| 008 |
930406s1993 nyua b 101 0 eng |
| 010 |
|
|
|a 92075378
|
| 020 |
|
|
|a 0874474841 :
|c $13.00
|
| 035 |
|
|
|a (OCoLC)29513774
|
| 035 |
|
|
|9 AGJ2339AM
|
| 040 |
|
|
|a DLC
|c DLC
|d TXA
|d UtOrBLW
|
| 043 |
|
|
|a n-us---
|
| 049 |
|
|
|a TXAM
|
| 050 |
0 |
0 |
|a LB2337.4
|b .P743 1993
|
| 082 |
0 |
0 |
|a 378.3/3/0973
|2 20
|
| 245 |
0 |
0 |
|a Prepaid college tuition plans :
|b promise and problems /
|c Michael A. Olivas, editor.
|
| 264 |
|
1 |
|a New York :
|b College Entrance Examination Board :
|b Copies may be ordered from College Board Publication,
|c 1993.
|
| 300 |
|
|
|a viii, 101 pages :
|b illustrations ;
|c 23 cm.
|
| 336 |
|
|
|a text
|b txt
|2 rdacontent
|
| 337 |
|
|
|a unmediated
|b n
|2 rdamedia
|
| 338 |
|
|
|a volume
|b nc
|2 rdacarrier
|
| 500 |
|
|
|a "The papers collected in this volume were presented at a 1992 symposium sponsored by the Institute for Higher Education Law and Governance and the University of Houston Law Center"--P. [4] of cover.
|
| 504 |
|
|
|a Includes bibliographical references and index.
|
| 650 |
|
0 |
|a Student aid
|z United States
|x Congresses.
|
| 650 |
|
0 |
|a College costs
|z United States
|x Congresses.
|
| 700 |
1 |
|
|a Olivas, Michael A.
|
| 710 |
2 |
|
|a University of Houston-University Park.
|b Institute for Higher Education Law and Governance.
|
| 710 |
2 |
|
|a University of Houston.
|b Law Center.
|
| 999 |
|
|
|a MARS
|
| 999 |
f |
f |
|s a4a7d867-1551-30f2-994b-4175fd183a70
|i eb1e3843-c9e9-3cc9-8657-76dc2cad5e15
|t 0
|
| 952 |
f |
f |
|p normal
|a Texas A&M University
|b College Station
|c Sterling C. Evans Library
|d Evans: Library Stacks
|t 0
|e LB2337.4 .P743 1993
|h Library of Congress classification
|i unmediated -- volume
|m A14818506902
|
| 998 |
f |
f |
|a LB2337.4 .P743 1993
|t 0
|l Evans: Library Stacks
|